Sports Quiz

Random Sports or Golf Quiz

Most PGA Major Wins Quiz Stats

 Plays Quiz Updated May 23, 2021

Support Sporcle.
Go Orange.
Score 0/19 Timer 05:00
4 Plays Today
# Player % Correct
15Tiger Woods
99.8%
18Jack Nicklaus
89.2%
7Arnold Palmer
86.1%
6Phil Mickelson
82.3%
9Gary Player
64.6%
9Ben Hogan
62.3%
8Tom Watson
60.5%
7Sam Snead
58%
6Nick Faldo
54.6%
7Bobby Jones
53.8%
# Player % Correct
6Lee Trevino
42.9%
5Seve Ballesteros
38.5%
11Walter Hagen
37.2%
5Byron Nelson
32.2%
7Gene Sarazen
28.3%
7Harry Vardon
17.2%
5Peter Thomson
9.8%
5J.H. Taylor
6%
5James Braid
6%

From the Vault

Africa, Alphabetically

by caramba

Geography 10m
Just start with A.
Remove Ads.
Support Sporcle.
Get the best of Sporcle when you Go Orange. This ad-free experience offers more features, more stats, and more fun while also helping to support Sporcle. Thank you for becoming a member.

Show Comments

Extras

Top Quizzes Today


Score Distribution

Your Account Isn't Verified!

In order to create a playlist on Sporcle, you need to verify the email address you used during registration. Go to your Sporcle Settings to finish the process.

Report this User

Report this user for behavior that violates our Community Guidelines.

Details: